000 00440nam a2200145Ia 4500
008 100204s9999 xx 000 0 und d
082 _b14509
100 _aगोडबोले अशोक
245 _aप्रतिशोध
260 _b"चैतन्य साहित्य , नागपूर"
_c1990
300 _a140
630 _aप्रतिशोध
730 _aप्रतिशोध
942 _cBOOK
999 _c458940
_d458937